Catálogo

Business and professional communication : (Registro nro. 68594)

Detalles MARC
000 -LEADER
fixed length control field 01120nam a2200313 i 4500
001 - CONTROL NUMBER
control field 68594
003 - CONTROL NUMBER IDENTIFIER
control field Mx-PuUPA
005 - DATE AND TIME OF LATEST TRANSACTION
control field 20220302075457.0
008 - FIXED-LENGTH DATA ELEMENTS--GENERAL INFORMATION
fixed length control field 180719s2020 cauao fr 001 0 eng d
020 ## - INTERNATIONAL STANDARD BOOK NUMBER
International Standard Book Number 9781506369594
040 ## - CATALOGING SOURCE
Original cataloging agency Mx-PuUPA
Language of cataloging spa
Transcribing agency Mx-PuUPA
Modifying agency Mx-PuUPA
Description conventions rda
041 0# - LANGUAGE CODE
Language code of text/sound track or separate title eng
050 00 - LIBRARY OF CONGRESS CALL NUMBER
Classification number HF5718
Item number .Q56 2020
100 1# - MAIN ENTRY--PERSONAL NAME
Personal name Quintanilla, Kelly M.,
Relator term autor
9 (RLIN) 11377
245 10 - TITLE STATEMENT
Title Business and professional communication :
Remainder of title keys for workplace excellence /
Statement of responsibility, etc. Kelly M. Quintanilla, Shawn T. Wahl.
250 ## - EDITION STATEMENT
Edition statement Fourth edition
264 31 - PRODUCTION, PUBLICATION, DISTRIBUTION, MANUFACTURE, AND COPYRIGHT NOTICE
Place of production, publication, distribution, manufacture Los Angeles :
Name of producer, publisher, distributor, manufacturer SAGE,
Date of production, publication, distribution, manufacture, or copyright notice ©2020
300 ## - PHYSICAL DESCRIPTION
Extent xxxii, 424 páginas :
Other physical details ilustraciones, fotografías ;
Dimensions 26 cm
336 ## - CONTENT TYPE
Content type term text
Content type code txt
Fuente rdacontent
337 ## - MEDIA TYPE
Media type term sin medio
Media type code n
Source rdamedia
338 ## - CARRIER TYPE
Carrier type term volumen
Carrier type code nc
Source rdacarrier
650 14 - SUBJECT ADDED ENTRY--TOPICAL TERM
Topical term or geographic name entry element Comunicación en negocios
650 14 - SUBJECT ADDED ENTRY--TOPICAL TERM
Topical term or geographic name entry element Negocios
General subdivision Comunicación
-- Estudio y enseñanza
700 1# - ADDED ENTRY--PERSONAL NAME
Personal name Wahl, Shawn T.,
Relator term autor
942 ## - ADDED ENTRY ELEMENTS (KOHA)
Source of classification or shelving scheme Dewey Decimal Classification
Koha item type Libro
Classification part 658.45
Item part Q78
Existencias
Withdrawn status Lost status Source of classification or shelving scheme Damaged status Not for loan Collection code Home library Current library Shelving location Date acquired Source of acquisition Cost, normal purchase price Total Checkouts Full call number Barcode Date last seen Cost, replacement price Price effective from Koha item type
    Dewey Decimal Classification     Doble grado Biblioteca Karol Wojtyla Biblioteca Karol Wojtyla Sala general 06/08/2024 2 2360.60   658.45 Q78 2020 100840 05/01/2026 2360.60 06/08/2024 Reserva permanente